| Поле | Название | Значение |
| |
Тип записи |
m |
| |
Библиографический уровень |
m |
| 001 |
Контрольный номер |
b8224304fa8d450582e26ed00d0be793 |
| 005 |
Дата корректировки |
20260622133229.5 |
| 040 |
Источник каталогиз. |
__ |
| b |
Код языка каталог. |
rus |
| e |
Правила каталог. |
PSBO |
| 041 |
Код языка издания |
0_ |
| a |
Код языка текста |
rus |
| 080 |
Индекс УДК |
__ |
| a |
Индекс УДК |
796.323(072) |
| 090 |
Шифры |
__ |
| c |
Каталожный индекс |
796.323(072) |
| x |
Авторский знак |
В 672 |
| 100 |
Автор |
1_ |
| a |
Автор |
Ирхина Е.Н. |
| 245 |
Заглавие |
10 |
| a |
Заглавие |
Построение тренировочного процесса баскетболисток в подготовительном периоде годичного цикла |
| b |
Продолж. заглавия |
методическое издание |
| c |
Ответственность |
Министерство спорта Российской Федерации |
| c |
Ответственность |
Воронежская государственная академия спорта |
| 256 |
Характеристики компьютерного файла |
__ |
| a |
Характеристики компьютерного файла |
Электрон. текстовые дан. (1 файл : 360 КБ) |
| 260 |
Выходные данные |
__ |
| a |
Место издания |
Воронеж |
| b |
Издательство |
ВГАС |
| c |
Дата издания |
2025 |
| 300 |
Физическое описание |
__ |
| a |
Объем |
Электрон. дан. (1 файл) |
| 336 |
Вид содержания |
__ |
| a |
Термин вида содержания |
Текст |
| 337 |
Средство доступа |
__ |
| a |
Термин типа средства |
электронный |
| 500 |
Примечания |
__ |
| a |
Примечание |
Режим доступа: Электронный каталог библиотеки. - Загл. с титула экрана. - Электрон. копия печ. версии |
| 504 |
Библиография |
__ |
| a |
Библиография |
Библиогр.: с. 25–28 |
| 520 |
Аннотация |
0_ |
| a |
Аннотация |
В настоящее время в спортивной деятельности баскетбольных команд особую значимость приобретают исследования, связанных с обоснованием оптимальных структур учебно-тренировочного процесса, максимально приближенного к условиям соревновательной деятельности. В методическом издании, на основании многочисленных исследований, изложены основные положения методики тренировки баскетболисток, предлагаются методические приемы, используемые в их специальной подготовке. Методическое издание предназначено для студентов физкультурных вузов, а так же тренеров баскетбольных команд. |
| 521 |
Примеч. о цел. назн. |
0_ |
| c |
Направление |
49.03.04 Спорт |
| e |
Дисциплина |
Теория и методика ИВС - баскетбол |
| 650 |
Тематические рубрики |
04 |
| a |
Предметная рубрика |
ФИЗКУЛЬТУРА И СПОРТ |
| 650 |
Тематические рубрики |
04 |
| a |
Предметная рубрика |
ЭЛЕКТРОННАЯ БИБЛИОТЕКА |
| 653 |
Ключевые слова |
1_ |
| a |
Ключевые слова |
БАСКЕТБОЛ; ТРЕНИРОВОЧНЫЙ ПРОЦЕСС; ИГРОВАЯ ДЕЯТЕЛЬНОСТЬ; ГОДИЧНЫЙ ЦИКЛ ТРЕНИРОВКИ; ПОДГОТОВИТЕЛЬНЫЙ ПЕРИОД |
| 700 |
Другие авторы |
12 |
| a |
Другие авторы |
Зверева Е.Л. |
| 700 |
Другие авторы |
12 |
| a |
Другие авторы |
Маркина В.Б. |
| 700 |
Другие авторы |
12 |
| a |
Другие авторы |
Колодяжная Е.В. |
| 700 |
Другие авторы |
12 |
| a |
Другие авторы |
Буйлова Л.А. |
| 900 |
Макрообъекты |
__ |
| a |
Имя макрообъекта |
Построение тренировочного процесса баскетболисток ... (020846) |
| 901 |
Тип документа |
__ |
| t |
Тип документа |
m |
| 952 |
Тип литературы |
__ |
| a |
Тип литературы для КСУ ВШ |
ЭКУ |
| 999 |
Фонд |
__ |
| a |
Фонд |
Книгообмен 2026 ЭР |